Los contenidos en la reforma : (Record no. 11576)

MARC details
000 -CABECERA
campo de control de longitud fija 00771nam a2200229 a 4500
005 - FECHA Y HORA DE LA ÚLTIMA TRANSACCIÓN
campo de control 20260324064019.0
008 - ELEMENTOS DE LONGITUD FIJA--INFORMACIÓN GENERAL
campo de control de longitud fija 991125s1992 es 000 0 spa u
020 ## - NÚMERO INTERNACIONAL NORMALIZADO PARA LIBROS
Número Internacional Estándar del Libro 8429435891
035 ## - NÚMERO DE CONTROL DEL SISTEMA
Número de control de sistema UPN01000011576
049 ## - COLECCIÓN
Colección CG
050 #4 - SIGNATURA TOPOGRÁFICA DE LA BIBLIOTECA DEL CONGRESO
Número de clasificación LA916
Número de documento/Ítem C66
245 04 - MENCIÓN DE TÍTULO
Título Los contenidos en la reforma :
Resto del título enseñanza y aprendizaje de conceptos, procedimientos y actitudes /
Mención de responsabilidad, etc. César Coll ... [et al.].
260 ## - PUBLICACIÓN, DISTRIBUCIÓN, ETC.
Lugar de publicación, distribución, etc. Madrid :
Nombre del editor, distribuidor, etc. Santillana,
Fecha de publicación, distribución, etc. 1992.
300 ## - DESCRIPCIÓN FÍSICA
Extensión 202 p.
440 #0 - MENCIÓN DE SERIE/ASIENTO SECUNDARIO--TÍTULO
Título Aula XXI.
Nombre de parte o sección de la obra Santillana ;
Designación de volumen o secuencia 52
590 ## - NOTA LOCAL (RLIN)
Nota local Bibliografía Básica (BGTQ)
590 0# - NOTA LOCAL (RLIN)
Nota local (También localizas un ejemplar en el "Área de Reserva")
650 #4 - ASIENTO SECUNDARIO DE MATERIA - TERMINO TEMATICO
Término de materia o nombre geográfico como elemento de entrada Educación
Subdivisión geográfica España
9 (RLIN) 6843
650 #4 - ASIENTO SECUNDARIO DE MATERIA - TERMINO TEMATICO
Término de materia o nombre geográfico como elemento de entrada Reforma educativa
9 (RLIN) 1530
700 1# - ASIENTO SECUNDARIO--NOMBRE DE PERSONAL
Nombre de persona Coll, César,
Fechas asociadas al nombre 1950-
Término indicativo de función/relación coaut.
9 (RLIN) 30885
905 ## - TIPO DE MATERIAL
Tipo de material Libro
Holdings
Estado de retiro Estado de pérdida Fuente del sistema de clasificación o colocación Estado dañado Restricciones de uso No para préstamo Código de colección Localización permanente Ubicación/localización actual Ubicación en estantería Fecha de adquisición Total de préstamos Clasificación Código de barras Fecha visto por última vez Número de copia Tipo de ítem Koha
    Library of Congress Classification   Préstamo por horas   Bibliografía básica Bib. Gregorio Torres Quintero Bib. Gregorio Torres Quintero Colecciones especiales Planta alta 30/01/2023 94 LA916 C66 151149 31/12/2020 1 Libro por horas